| 000 | 01428cam a2200337 i 4500 | ||
|---|---|---|---|
| 999 |
_c94696 _d94696 |
||
| 001 | 116803 | ||
| 003 | BJBSDDR | ||
| 005 | 20230410142401.0 | ||
| 006 | a|||||r|||| 00| 0 | ||
| 007 | ta | ||
| 008 | 140811s2007 mx a r 001 0 spa d | ||
| 020 | _a9789702608271 | ||
| 020 | _a9702608279 | ||
| 040 | _cBJBSDDR | ||
| 041 | 0 | _aspa | |
| 050 | 1 | 4 |
_aP 92 _bL925t 2007 |
| 082 | 0 | 0 | _2302.23 |
| 100 | 1 |
_aLozano Rendón, José Carlos _917805 |
|
| 245 | 1 | 0 |
_aTeoría e investigación de la comunicación de masa / _cJosé Carlos Lozano Rendón. |
| 250 | _a2da edición | ||
| 260 |
_aMéxico : _bPearson Educación, _c2007 |
||
| 300 |
_axiii, 233 p. : _bill. ; _c24 cm. |
||
| 440 | 0 |
_917806 _aPearson comunicación |
|
| 504 | _aIncluye bibliografía e índice. | ||
| 505 | 0 | _aP. 1 El Estudio Científico de la Comunicación -- P. 2 Procesos y Condicionantes en la Producción de Mensaje -- P. 3 El Contenido de los Mensajes -- P. 4 Los Procesos de Recepción y Apropiación. | |
| 520 | _aEl protagonismo de los medios de comunicación en los ámbitos político, económico, social y cultural sigue creciendo exponencialmente. Estos aspectos adquieren relevancia y multiplican su impacto a partir de lo que la televisión, la prensa, el cine y la radio difunden y promueven. | ||
| 650 | 4 |
_91407 _aMedios de comunicación de masas _xAspectos sociales |
|
| 650 | 4 |
_91966 _aComunicación |
|
| 942 |
_2lcc _cBK |
||
| 946 | _aIMRO | ||